Music Quiz

Random Music or Bands Quiz
Score 0/100 Timer 10:00
2 Plays Today
Song Artist % Correct
When Doves CryPrince & The Revolution
96.5%
Let's Go CrazyPrince & The Revolution
96.5%
Say Say SayPaul McCartney & Michael Jackson
96.3%
Girls Just Want To Have FunCyndi Lauper
94.9%
Time After TimeCyndi Lauper
94.9%
She BopCyndi Lauper
94.9%
State of ShockThe Jacksons & Mick Jagger
94.8%
ThrillerMichael Jackson
94.6%
What's Love Got To Do With ItTina Turner
93.5%
Uptown GirlBilly Joel
93.3%
An Innocent ManBilly Joel
93.3%
The Longest TimeBilly Joel
93.3%
JumpVan Halen
92.7%
Karma ChameleonCulture Club
91.6%
Miss Me BlindCulture Club
91.6%
Church of the Poison MindCulture Club
91.6%
HelloLionel Richie
91.5%
All Night Long (All Night)Lionel Richie
91.5%
Stuck On YouLionel Richie
91.4%
Running With the NightLionel Richie
91.4%
BorderlineMadonna
88.4%
Lucky StarMadonna
88.4%
HolidayMadonna
88.4%
Against All Odds (Take A Look At Me Now)Phil Collins
88%
I Guess That's Why The Call It The BluesElton John
87.2%
Sad Songs (Say So Much)Elton John
87.2%
Dancing In The DarkBruce Springsteen
86.4%
Cover MeBruce Springsteen
86.4%
FootlooseKenny Loggins
86.1%
I Just Called To Say I Love YouStevie Wonder
85%
Love Is a BattlefieldPat Benatar
81.4%
The ReflexDuran Duran
78.2%
Union of the SnakeDuran Duran
78.2%
New Moon on MondayDuran Duran
78.2%
Song Artist % Correct
Jump (For My Love)Pointer Sisters
77.9%
AutomaticPointer Sisters
77.9%
I'm So ExcitedPointer Sisters
77.9%
The Heart of Rock & RollHuey Lewis & The News
77.8%
I Want a New DrugHuey Lewis & The News
77.8%
If This Is ItHuey Lewis & The News
77.8%
Islands In The StreamKenny Rogers & Dolly Parton
76.9%
LegsZZ Top
75.7%
99 LuftballonsNena
75.3%
Caribbean QueenBilly Ocean
75.1%
DriveThe Cars
73.6%
You Might ThinkThe Cars
73.6%
MagicThe Cars
73.6%
GhostbustersRay Parker Jr.
70.6%
I Still Can't Get Over Loving YouRay Parker Jr.
70.6%
Owner of a Lonely HeartYes
70.3%
Here Comes the Rain AgainEurythmics
69.5%
Cruel SummerBananarama
68.9%
Eyes Without a FaceBilly Idol
67.7%
Wrapped Around Your FingerThe Police
66.8%
Pink HousesJohn Cougar Mellencamp
65.7%
Cum On Feel The NoizeQuiet Riot
63.8%
Sunglasses at NightCorey Hart
61.8%
To All The Girls I've Loved BeforeJulio Iglesias & Willie Nelson
61.7%
Sister ChristianNight Ranger
57.8%
When You Close Your EyesNight Ranger
57.8%
Hold Me NowThompson Twins
57.5%
Oh SherrieSteve Perry
57.3%
That's AllGenesis
56.5%
Hard Habit to BreakChicago
56.3%
Say It Isn't SoHall and Oates
55.2%
Adult EducationHall and Oates
55.2%
Round and RoundRatt
52.6%
Let's Hear It For The BoyDeniece Williams
52.5%
Song Artist % Correct
Missing YouJohn Waite
52.1%
Dance Hall DaysWang Chung
47.3%
Somebody's Watching MeRockwell
47%
The Glamorous LifeSheila E.
45.9%
JoannaKool & The Gang
44%
TonightKool & The Gang
44%
The WarriorScandal
42.7%
InfatuationRod Stewart
41.8%
Undercover of the NightRolling Stones
41.4%
Talking In Your SleepThe Romantics
41.3%
Self ControlLaura Branigan
41.1%
Head Over HeelsThe Go-Go's
34%
Yah Mo B ThereJames Ingram & Michael McDonald
33.7%
Almost ParadiseMike Reno & Ann Wilson
32.2%
Nobody Told MeJohn Lennon
31.7%
Break My StrideMatthew Wilder
31.4%
Think of LauraChristopher Cross
31%
On The Dark SideJohn Cafferty & The Beaver Brown Band
29.2%
Twist of FateOlivia Newton-John
26.8%
I Can Dream About YouDan Hartman
26%
If Ever You're In My Arms AgainPeabo Bryson
25.5%
Rock Me ToniteBilly Squier
24.4%
They Don't KnowTracey Ullman
23.7%
Let the Music PlayShannon
23%
BreakdanceIrene Cara
22.3%
Major Tom (Coming Home)Peter Schilling
22.2%
Love SomebodyRick Springfield
22.2%
Dancing In The SheetsShalamar
21.6%
Give It UpKC
18.8%
Time Will RevealDeBarge
15.4%
Got A Hold on MeChristine McVie
11.2%
Breakin'...There's No Stopping UsOllie & Jerry
8.8%

You're not logged in!

Compare scores with friends on all Sporcle quizzes.
OR
Log In

Sporcle TV

Today on Sporcle TV


Watch our educational content, quiz creation guides, and fun videos on Sporcle TV.

Show Comments

Extras

Top Quizzes Today


Score Distribution

Paid Content

Your Account Isn't Verified!

In order to create a playlist on Sporcle, you need to verify the email address you used during registration. Go to your Sporcle Settings to finish the process.

Report this User

Report this user for behavior that violates our Community Guidelines.

Details: